logo

Bir Sreshtho Munshi Abdur Rouf Library
Jhenaidah Cadet College

Macmillan Junior School Dictionary / (Record no. 12544)

MARC details
000 -LEADER
fixed length control field 00539nam a2200217 a 4500
001 - CONTROL NUMBER
JCCL Control Number 12544
003 - CONTROL NUMBER IDENTIFIER
JCCL marc code BD-JhCC
005 - DATE AND TIME OF LATEST TRANSACTION
control field 20220901102345.0
008 - FIXED-LENGTH DATA ELEMENTS--GENERAL INFORMATION
fixed length control field 220901b20082015ii a|||| |||a 000 0 eng d
020 ## - INTERNATIONAL STANDARD BOOK NUMBER
International Standard Book Number 9780230634466
035 ## - SYSTEM CONTROL NUMBER
system control number (BD-JhCC)12544
040 ## - CATALOGING SOURCE
Original cataloging agency BD-JhCC
Modifying agency BD-JhCC
041 ## - LANGUAGE CODE
Language code of Book English
082 ## - DEWEY DECIMAL CLASSIFICATION NUMBER
Classification number 423
Author mark and Year MAC 2015
245 ## - TITLE STATEMENT
Title Macmillan Junior School Dictionary /
260 ## - PUBLICATION, DISTRIBUTION, ETC. (IMPRINT)
Place of publication, distribution, etc India :
Name of publisher, distributor, etc Macmillan ;
Date of publication, distribution, etc 2015.
300 ## - PHYSICAL DESCRIPTION
Pagination 299 p. :
Other physical details ill;
Dimensions 23 cm.
650 ## - SUBJECT ADDED ENTRY--TOPICAL TERM
Topical term or geographic name as entry element English Language
942 ## - ADDED ENTRY ELEMENTS (KOHA)
Source of classification or shelving scheme Dewey Decimal Classification
Koha item type Books
Holdings
Source of classification or shelving scheme Damaged status Not for loan Home library Current library Shelving location Date of accession Cost, normal purchase price Total Checkouts Full call number Barcode Date last seen Copy number Koha item type
Dewey Decimal Classification     JCC Rouf Library JCC Rouf Library General Stacks 06/01/2021 607.00   423 MAC 2015 16666 09/01/2022 C-1 Books

JCC Library | Contacts | JCC Home

Last Update on 23 September 2017
Copyright @ 2017-2020 JCC Rouf Library
Rouf Library, Jhenidah Cadet College (JCC), Bangladesh